Физика импульсного пробоя газов

Detalles Bibliográficos
Autor Principal: Королев Ю. Д. Юрий Дмитриевич
Outros autores: Месяц Г. А. Геннадий Андреевич
Summary:Представлены результаты исследований импульсного пробоя в газах повышенного давления, изложены современные представления о физических процессах, сопровождающих формирование и горение разряда. Рассмотрены таунсендовский и стримерный механизмы пробоя. Значительное внимание уделено самостоятельным объемным разрядам, инициируемым УФ излучением, и разрядам с внешней ионизацией газа пучком быстрых электронов.Для научных работников, инженеров-исследователей, аспирантов и студентов, специализирующихся в области физики газового разряда и его применений в лазерах, коммутаторах и других устройствах.
Idioma:ruso
Publicado: Москва, Наука, 1991
Subjects:
Formato: Libro
KOHA link:https://koha.lib.tpu.ru/cgi-bin/koha/opac-detail.pl?biblionumber=70188

MARC

LEADER 00000nam0a2200000 4500
001 70188
005 20231031081216.0
010 |a 5020141739 
035 |a (RuTPU)RU\TPU\book\74730 
090 |a 70188 
100 |a 20041116d1991 k y0rusy50 ca 
101 0 |a rus 
102 |a RU 
105 |a a z 001zy 
200 1 |a Физика импульсного пробоя газов  |f Ю. Д. Королев, Г. А. Месяц 
210 |a Москва  |c Наука  |d 1991 
215 |a 224 с.  |c ил. 
320 |a Библиогр.: с. 207-223. 
330 |a Представлены результаты исследований импульсного пробоя в газах повышенного давления, изложены современные представления о физических процессах, сопровождающих формирование и горение разряда. Рассмотрены таунсендовский и стримерный механизмы пробоя. Значительное внимание уделено самостоятельным объемным разрядам, инициируемым УФ излучением, и разрядам с внешней ионизацией газа пучком быстрых электронов.Для научных работников, инженеров-исследователей, аспирантов и студентов, специализирующихся в области физики газового разряда и его применений в лазерах, коммутаторах и других устройствах. 
610 1 |a газовые разряды 
610 1 |a пробой 
610 1 |a применение 
610 1 |a лазерная техника 
610 1 |a коммутаторы 
610 1 |a пучки 
610 1 |a труды учёных ТПУ 
675 |a 537.523  |v 3 
700 1 |a Королев  |b Ю. Д.  |c электрофизик  |c профессор Томского политехнического университета, доктор физико-математических наук  |f 1945-  |g Юрий Дмитриевич  |2 stltpush  |3 (RuTPU)RU\TPU\pers\26833 
701 1 |a Месяц  |b Г. А.  |c российский физик  |c академик, вице-президент РАН  |c выпускник Томского политехнического института  |f 1936-  |g Геннадий Андреевич  |2 stltpush  |3 (RuTPU)RU\TPU\pers\17099  |4 070 
801 1 |a RU  |b 63413507  |c 20041116  |g PSBO 
801 2 |a RU  |b 63413507  |c 20200828  |g PSBO 
942 |c BK